• 首页
  • 本馆介绍
  • 公告通知
  • 最新文献
  • 馆藏检索
  • 电子资源
  • 读者导购
  • 参考咨询
  • 我的图书馆
  • 登录
  • 详细信息显示
  • 放入我的书架
  • 预约/预借图书
  • 作者相关作品
  • 分类相关作品
  • 丛书相关作品
  • 出版社相关作品

书目信息

  • 表格格式
  • 工作单格式
  • 卡片格式
题名:
西班牙史纲
    
 
作者: 马依斯基 , М.айский 著 ;中山大学外语系翻译组 译
分册:  
出版信息: 北京   三联书店  1983
页数: 547页
开本: 21cm
丛书名:
单 册:
中图分类: K551.5 , K551.0
科图分类:
主题词: 现代史--西班牙--1918~1972 , 欧洲--历史
电子资源:
ISBN:
000 01009nam0 2200325 45
001 0183004200
005 20040510144343.9
010    @dCNY1.70
091    @a11002.592
100    @a19950807d1983 em y0chiy0121 ea
101 1  @achi@crus
102    @aCN@b110000
105    @ay 000yy
106    @ar
200 10 @a西班牙史纲@Axi ban ya shi gang@f(苏)伊·米·马依斯基(И.М.Майский)著@g中山大学外语系翻译组译
210    @a北京@c三联书店@d1983
215    @a547页@d21cm
300    @a书名原文:Испания 1918-1972
510 1  @aИспания 1918-1972@zrus
606    @a现代史@y西班牙@z1918~1972
606 0  @a欧洲@x历史
607    @a西班牙-现代史@z1918~1972
690    @aK551.5@v3
690    @aK551.0
701  1 @a马依斯基@Ama yi si ji@bИ.М.@4著
701 A1 @aМ.айский@bИ.М.@4著
712 02 @a中山大学外语系翻译组@Azhong shan da xue wai yu xi fan yi zu@4译
801  0 @aCN@b上海图书馆@c20040510
801  2 @aCN@bNLC@c20040510
905    @f2@b99422-423@dK551.0@e2
    
    西班牙史纲/(苏)伊·米·马依斯基(И.М.Майский)著/中山大学外语系翻译组译.-北京:三联书店,1983
    547页;21cm
    书名原文:Испания 1918-1972
    
    ISBN :CNY1.70
    
●
相关链接 在E读中查询图书 在五车中查询图书 在当当中查询图书 在豆瓣中查询图书


正题名:西班牙史纲     索取号:K551.0/2         预约/预借

序号 登录号 条形码 馆藏地/架位号 状态 备注
1 0099422   001411733   第二借阅区/ [索取号:K551.0/2] 在馆    
2 0099423   011411813   第二借阅区/ [索取号:K551.0/2] 在馆    
3 0099424   001411779   第二样本阅览室/ [索取号:K551.0/2] 在馆    
唐山师范学院图书馆 欢迎您!
大连网信软件有限公司© 版权所有